000 00740nam a2200253Ia 4500
003 OSt
005 20220925175651.0
006 a|||||r|||| 00| 0
007 ta
008 220923b |||||||| |||| 00| 0 eng d
020 _a0521400864
037 _cGeneral Book
040 _aRTL
_cRTL
_beng
041 _2eng
_aeng
082 _aY9(L).192.N8, N1
100 _aFarley John
_9249419
245 0 _aBilharzia
_b A history of imperial tropical medicine
260 _aCambridge
_bCambridge University Press
_c1991
300 _aix, 395p
_ccm.
490 _aCambridge History of Medicine
650 _aSociology of Medicine
942 _hY9(L).192.N8, N1
_cGB
_2CC
999 _c494182
_d494182